[Event "Quebec-ch intercoll."]
[Site "Sainte-Foy CAN"]
[Date "1983.04.01"]
[Round "1"]
[White "Bolduc, Steve"]
[Black "Catellier, Andre"]
[Result "1-0"]
[WhiteElo "2064"]
[BlackElo "1433"]
[PlyCount "45"]
[GameId "2160767912810724"]
[EventDate "1983.04.01"]
[EventRounds "6"]
[EventCountry "CAN"]
[SourceTitle "hb 2011"]

1. d4 Nf6 2. c4 g6 3. Nc3 Bg7 4. e4 d6 5. f4 Nbd7 6. Be2 c5 7. d5 O-O 8. Nf3 Re8 9. O-O e5 10. dxe6 Rxe6 11. Ng5 Re7 12. Qxd6 Qe8 13. e5 Nxe5 14. fxe5 Rxe5 15. Rxf6 Bxf6 16. Qxf6 Qe7 17. Qxe7 Rxe7 18. Bf3 Bf5 19. Nd5 Re5 20. Bf4 Ree8 21. Nf6+ Kg7 22. Nxe8+ Rxe8 23. Bd5 1-0

[Event "Quebec-ch intercoll."]
[Site "Sainte-Foy CAN"]
[Date "1983.04.01"]
[Round "2"]
[White "Kougioumoutzakis, Tony"]
[Black "Bolduc, Steve"]
[Result "0-1"]
[WhiteElo "1475"]
[BlackElo "2064"]
[PlyCount "54"]
[GameId "2160767912810728"]
[EventDate "1983.04.01"]
[EventRounds "6"]
[EventCountry "CAN"]
[SourceTitle "hb 2011"]

1. e4 c6 2. d4 d5 3. Nc3 dxe4 4. Nxe4 Nd7 5. Bd3 Ngf6 6. c3 Nxe4 7. Bxe4 Nf6 8. Bc2 Bg4 9. Nf3 e6 10. Qd3 Bf5 11. Qe2 Bxc2 12. Qxc2 c5 13. O-O cxd4 14. Rd1 Qa5 15. b4 Qh5 16. Rxd4 Be7 17. Rh4 Qd5 18. Rd4 Qb5 19. a4 Qa6 20. Ba3 Rc8 21. b5 Qb6 22. Bxe7 Kxe7 23. Qb3 Qc5 24. Rc1 Rhd8 25. Qb4 Qxb4 26. Rxb4 Nd5 27. Rb3 Nxc3 0-1

[Event "Quebec-ch intercoll."]
[Site "Sainte-Foy CAN"]
[Date "1983.04.02"]
[Round "3"]
[White "Bolduc, Steve"]
[Black "Toulouse, Ronald"]
[Result "1-0"]
[WhiteElo "2064"]
[BlackElo "1645"]
[PlyCount "52"]
[GameId "2160767912810730"]
[EventDate "1983.04.01"]
[EventRounds "6"]
[EventCountry "CAN"]
[SourceTitle "hb 2011"]

1. d4 d5 2. c4 c6 3. Nf3 h6 4. Nc3 Nf6 5. Bf4 Bf5 6. e3 e6 7. Bd3 Bxd3 8. Qxd3 Nbd7 9. O-O Nh5 10. Be5 Nxe5 11. dxe5 g6 12. Nd4 Be7 13. Nxe6 Qd7 14. cxd5 cxd5 15. Nxd5 fxe6 16. Qxg6+ Kf8 17. Nxe7 Qxe7 18. Qxh5 Qg7 19. f4 Rg8 20. g3 Ke7 21. Rac1 Rad8 22. f5 Qg5 23. Rc7+ Rd7 24. Rxd7+ Kxd7 25. Qxg5 Rxg5 26. e4 Rxg3+ 1-0

[Event "Quebec-ch intercoll."]
[Site "Sainte-Foy CAN"]
[Date "1983.04.02"]
[Round "4"]
[White "Therrien, Michel"]
[Black "Bolduc, Steve"]
[Result "1/2-1/2"]
[WhiteElo "1734"]
[BlackElo "2064"]
[PlyCount "74"]
[GameId "2160767912810736"]
[EventDate "1983.04.01"]
[EventRounds "6"]
[EventCountry "CAN"]
[SourceTitle "hb 2011"]

1. e4 c6 2. d3 d5 3. Nd2 g6 4. Ngf3 Bg7 5. g3 e5 6. Bg2 Ne7 7. O-O O-O 8. Re1 Qc7 9. b4 a5 10. Bb2 d4 11. bxa5 c5 12. c3 Nbc6 13. cxd4 cxd4 14. Qc2 Qxa5 15. Nc4 Qa6 16. Ba3 b5 17. Bxe7 bxc4 18. Bxf8 cxd3 19. Qd2 Bxf8 20. Red1 Bb4 21. Qxd3 Bc3 22. Qxa6 Bxa6 23. Rab1 Be2 24. Rdc1 Bd3 25. Rb7 Bxe4 26. Ng5 Bxg2 27. Kxg2 Nd8 28. Rc7 Bd2 29. Rc8 Rxc8 30. Rxc8 Bxg5 31. a4 d3 32. Kf1 Kg7 33. a5 Ne6 34. a6 Nd4 35. Ke1 Nb5 36. Rc5 Na7 37. Rc7 Nb5 1/2-1/2

[Event "Quebec-ch intercoll."]
[Site "Sainte-Foy CAN"]
[Date "1983.04.03"]
[Round "5"]
[White "Bolduc, Steve"]
[Black "Pichette, Mickaelin"]
[Result "0-1"]
[WhiteElo "2064"]
[BlackElo "1763"]
[PlyCount "116"]
[GameId "2160767912810737"]
[EventDate "1983.04.01"]
[EventRounds "6"]
[EventCountry "CAN"]
[SourceTitle "hb 2011"]

1. c4 Nf6 2. Nc3 g6 3. d4 c5 4. Nf3 cxd4 5. Nxd4 Bg7 6. e4 d6 7. Be2 O-O 8. O-O Nbd7 9. Be3 Ne5 10. f3 Be6 11. b3 a6 12. Qd2 h5 13. Nd5 Bxd5 14. exd5 Kh7 15. Rad1 Rh8 16. Rfe1 Qd7 17. h3 Kg8 18. f4 Neg4 19. hxg4 hxg4 20. Qd3 e5 21. dxe6 fxe6 22. Qxg6 Rh6 23. Qd3 Rh5 24. g3 e5 25. Nc2 Qc6 26. Kf1 Qh1+ 27. Bg1 Rh2 28. Ne3 Nh5 29. Qd5+ Qxd5 30. Bxh2 Qh1+ 31. Bg1 Nxg3+ 32. Kf2 Ne4+ 33. Kf1 Rf8 34. Bxg4 Rxf4+ 35. Ke2 Nc3+ 36. Kd2 Nxd1 37. Be6+ Kh8 38. Nxd1 Re4 39. Be3 Qg2+ 40. Re2 Qg3 41. Bd5 Rh4 42. Bxb7 e4 43. Bxa6 d5 44. cxd5 Qd6 45. Bc4 Qa3 46. Bg5 Qxa2+ 47. Kc1 Qa1+ 48. Kc2 Rh1 49. Bc1 Qd4 50. Rd2 Qa7 51. d6 Qa2+ 52. Bb2 Bxb2 53. Nxb2 Qb1+ 54. Kc3 Qc1+ 55. Rc2 Rh3+ 56. Nd3 Qe1+ 57. Kb2 exd3 58. d7 Qe5+ 0-1

[Event "Quebec-ch intercoll."]
[Site "Sainte-Foy CAN"]
[Date "1983.04.03"]
[Round "6"]
[White "Auclair, Christian"]
[Black "Bolduc, Steve"]
[Result "0-1"]
[WhiteElo "1570"]
[BlackElo "2064"]
[PlyCount "99"]
[GameId "2160767912810740"]
[EventDate "1983.04.01"]
[EventRounds "6"]
[EventCountry "CAN"]
[SourceTitle "hb 2011"]

1. e4 c5 2. Nf3 Nc6 3. d4 cxd4 4. Nxd4 Nf6 5. Nc3 e5 6. Ndb5 d6 7. Bg5 a6 8. Bxf6 gxf6 9. Na3 b5 10. Nd5 f5 11. Bd3 Be6 12. c4 bxc4 13. Nxc4 Bxd5 14. exd5 Nd4 15. Qa4+ Ke7 16. O-O Bg7 17. Na5 Qb6 18. Nc6+ Nxc6 19. Qxc6 Qxc6 20. dxc6 e4 21. Bc4 Rhc8 22. Rab1 Rab8 23. Bd5 Bxb2 24. Rfd1 a5 25. Rd2 Bc3 26. Rb7+ Kf6 27. Rc2 Ke5 28. Bc4 d5 29. Rxb8 Rxb8 30. Ba6 Kd6 31. Rxc3 Rb1+ 32. Bf1 Kc7 33. Rc2 d4 34. g3 d3 35. Rd2 Rc1 36. Kg2 Rc2 37. Rd1 Rxa2 38. Kg1 Kd6 39. Bh3 Ke5 40. Bf1 Rc2 41. Bxd3 exd3 42. Rxd3 Rxc6 43. Rd7 Ra6 44. Rxf7 a4 45. Rxh7 a3 46. Re7+ Kd6 47. Re1 a2 48. Ra1 Kd5 49. Kf1 Kd4 50. Ke2 0-1

[Event "Specialiste-Tch1"]
[Site "Montreal CAN"]
[Date "1983.02.02"]
[Round "1"]
[White "Langlois, Charles"]
[Black "Bolduc, Steve"]
[Result "1-0"]
[WhiteElo "2125"]
[BlackElo "2117"]
[PlyCount "67"]
[GameId "2160767912810767"]
[EventDate "1983.03.24"]
[EventType "team"]
[EventRounds "5"]
[EventCountry "CAN"]

1. e4 c6 2. d4 d5 3. exd5 cxd5 4. Bd3 Nc6 5. c3 Nf6 6. Bf4 g6 7. h3 Bg7 8. Nf3 O-O 9. O-O Bf5 10. Re1 Be4 11. Bxe4 Nxe4 12. Nbd2 f5 13. Nb3 e6 14. Nc5 Qe7 15. Rc1 Rac8 16. h4 h6 17. Qe2 b6 18. Nd3 g5 19. hxg5 hxg5 20. Bxg5 Bf6 21. Bf4 Qh7 22. g3 Kf7 23. Kg2 Rh8 24. Rh1 Qg7 25. Nde5+ Ke7 26. Rxh8 Rxh8 27. Nxc6+ Kf8 28. Rh1 Rxh1 29. Kxh1 Qd7 30. Nfe5 Bxe5 31. Nxe5 Qg7 32. Kg2 Qh7 33. Qa6 Qe7 34. Ng6+ 1-0

[Event "Quebec-ch U20"]
[Site "Montreal CAN"]
[Date "1983.02.11"]
[Round "1"]
[White "Bolduc, Steve"]
[Black "Martin, Gregoire"]
[Result "1/2-1/2"]
[WhiteElo "2077"]
[BlackElo "1657"]
[PlyCount "96"]
[GameId "2160767912810837"]
[EventDate "1983.02.11"]
[EventType "swiss"]
[EventRounds "5"]
[EventCountry "CAN"]

1. d4 c6 2. c4 d5 3. Nf3 g6 4. Nc3 Nf6 5. Bf4 Bg7 6. e3 O-O 7. Bd3 Nbd7 8. cxd5 Nxd5 9. Nxd5 cxd5 10. O-O Nf6 11. Qb3 Nh5 12. Be5 f6 13. Bg3 Nxg3 14. hxg3 b6 15. a4 Qd6 16. Rfe1 e6 17. e4 f5 18. exd5 exd5 19. Ne5 f4 20. g4 Re8 21. Bb5 Re7 22. Bc6 Bb7 23. Bxb7 Rxb7 24. Rac1 Re8 25. Rc6 Qxc6 26. Nxc6 Rxe1+ 27. Kh2 Rd7 28. a5 Rd6 29. axb6 g5 30. bxa7 Rh6+ 31. Qh3 Rxh3+ 32. gxh3 Ra1 33. b4 Bxd4 34. Nxd4 Rxa7 35. h4 Ra4 36. Nc6 h6 37. hxg5 hxg5 38. b5 Ra2 39. Kg2 Rb2 40. Ne7+ Kf7 41. Nxd5 Rxb5 42. Nc3 Re5 43. Kf3 Ke6 44. Ne4 Kd5 45. Nd2 Kd4 46. Kg2 Kd3 47. Nf3 Ra5 48. Ng1 Re5 1/2-1/2

[Event "Quebec-ch U20"]
[Site "Montreal CAN"]
[Date "1983.02.12"]
[Round "2"]
[White "Roy, Alain"]
[Black "Bolduc, Steve"]
[Result "1/2-1/2"]
[WhiteElo "1761"]
[BlackElo "2077"]
[PlyCount "120"]
[GameId "2160767912810840"]
[EventDate "1983.02.11"]
[EventType "swiss"]
[EventRounds "5"]
[EventCountry "CAN"]

1. c4 Nf6 2. Nc3 c5 3. Nf3 e6 4. e4 Nc6 5. d3 a6 6. Be2 d6 7. O-O Be7 8. Re1 O-O 9. Bf1 Bd7 10. d4 cxd4 11. Nxd4 Qb6 12. Nc2 Ne5 13. b3 Rac8 14. h3 Qc7 15. Bb2 Bc6 16. Nd4 Nfd7 17. Rc1 Qb6 18. Rc2 Nc5 19. Rd2 Bg5 20. Nxc6 Rxc6 21. Rc2 Rcc8 22. Kh1 f5 23. exf5 Rxf5 24. Nb1 Rcf8 25. Bd4 Qa5 26. Nc3 Ned7 27. Ne4 Nxe4 28. Rxe4 e5 29. Bc3 Qb6 30. Be1 Nc5 31. Ree2 e4 32. b4 Nd3 33. Rxe4 Nxe1 34. Qxe1 Rxf2 35. Rxf2 Qxf2 36. Qxf2 Rxf2 37. Be2 Rf4 38. Rxf4 Bxf4 39. Kg1 Kf7 40. Bf3 b6 41. Kf2 Ke6 42. Ke2 Ke5 43. Kd3 Bg3 44. a4 Be1 45. b5 a5 46. Bd5 Bb4 47. Bf3 Kf4 48. Bd5 Kg3 49. Ke2 g5 50. Bf3 Bc5 51. Kd3 Kf2 52. Kc2 Ke3 53. Kb3 Bb4 54. Bd5 Kf4 55. Bf3 Kg3 56. Bd5 h5 57. Bf3 h4 58. Bd5 g4 59. hxg4 Kxg4 60. Bf3+ Kg3 1/2-1/2

[Event "Quebec-ch U20"]
[Site "Montreal CAN"]
[Date "1983.02.12"]
[Round "3"]
[White "Bolduc, Steve"]
[Black "Solunac, Sasha"]
[Result "1-0"]
[WhiteElo "2077"]
[BlackElo "1599"]
[PlyCount "61"]
[GameId "2160767912810841"]
[EventDate "1983.02.11"]
[EventType "swiss"]
[EventRounds "5"]
[EventCountry "CAN"]

1. c4 Nf6 2. Nc3 e6 3. Nf3 d5 4. d4 Be7 5. Bg5 O-O 6. e3 Nbd7 7. Rc1 b6 8. cxd5 Nxd5 9. Nxd5 exd5 10. Bxe7 Qxe7 11. Rxc7 Qb4+ 12. Qd2 Qxd2+ 13. Kxd2 Nf6 14. Bd3 Ng4 15. Ke2 h6 16. h3 Nf6 17. Rhc1 Be6 18. Ne5 Rfc8 19. Rxc8+ Bxc8 20. Rc7 Be6 21. Nc6 a6 22. Rb7 b5 23. Rb8+ Rxb8 24. Nxb8 Bc8 25. a4 bxa4 26. Bxa6 Bf5 27. Bb5 Bc2 28. Nd7 Nxd7 29. Bxd7 Kf8 30. Kd2 Bb3 31. Kc3 1-0

[Event "Quebec-ch U20"]
[Site "Montreal CAN"]
[Date "1983.02.13"]
[Round "4"]
[White "De Lagrave, Sylvain"]
[Black "Bolduc, Steve"]
[Result "0-1"]
[WhiteElo "1795"]
[BlackElo "2077"]
[PlyCount "68"]
[GameId "2160767912810843"]
[EventDate "1983.02.11"]
[EventType "swiss"]
[EventRounds "5"]
[EventCountry "CAN"]

1. e4 c6 2. d4 d5 3. e5 Bf5 4. h4 h5 5. c4 e6 6. Nc3 Ne7 7. Bg5 Nd7 8. cxd5 exd5 9. Bd3 Bg4 10. f3 Be6 11. Nge2 Qb6 12. Qd2 c5 13. dxc5 Nxc5 14. Bb5+ Nc6 15. Nd4 a6 16. Bxc6+ bxc6 17. b4 Qxb4 18. Nxc6 Qc4 19. Qd4 Nd3+ 20. Kd2 Qxd4 21. Nxd4 Nxe5 22. Rhe1 Nc4+ 23. Kd3 Kd7 24. Rab1 Bd6 25. Nxe6 fxe6 26. Rb7+ Bc7 27. Bf4 Nd6 28. Rxc7+ Kxc7 29. Rxe6 Rad8 30. Nxd5+ Kc6 31. Ne7+ Kd7 32. Rxd6+ Kxe7 33. Bg5+ Kxd6 34. Bxd8 Rxd8 0-1

[Event "Quebec-ch U20"]
[Site "Montreal CAN"]
[Date "1983.02.13"]
[Round "5"]
[White "Bolduc, Steve"]
[Black "Gendron, Bernard"]
[Result "1-0"]
[WhiteElo "2077"]
[BlackElo "1799"]
[PlyCount "61"]
[GameId "2160767912810845"]
[EventDate "1983.02.11"]
[EventType "swiss"]
[EventRounds "5"]
[EventCountry "CAN"]

1. c4 c5 2. g3 g6 3. Bg2 Bg7 4. e3 Nc6 5. Ne2 Nf6 6. O-O O-O 7. Nbc3 d6 8. d4 Bd7 9. b3 a6 10. Bb2 Rb8 11. Rc1 b6 12. Qd2 Qc7 13. h3 Rfc8 14. Rfd1 cxd4 15. exd4 Qa7 16. d5 Nd8 17. Nd4 b5 18. cxb5 axb5 19. b4 Qb6 20. Re1 e5 21. dxe6 Nxe6 22. Nce2 Ne8 23. a3 N8c7 24. Nc6 Bxc6 25. Rxc6 Qa7 26. Rxd6 Ne8 27. Rd7 Qa4 28. Rc1 Rxc1+ 29. Qxc1 Bxb2 30. Qxb2 Rc8 31. Nc3 1-0

[Event "CAN-ch U20 1981"]
[Site "Vancouver CAN"]
[Date "1981.12.22"]
[Round "2"]
[White "Bolduc, Steve"]
[Black "Bailey, Doug"]
[Result "1-0"]
[WhiteElo "2067"]
[BlackElo "2120"]
[PlyCount "73"]
[GameId "2160767912848974"]
[EventDate "1981.12.21"]
[EventType "tourn"]
[EventRounds "11"]
[EventCountry "CAN"]
[SourceTitle "EXT 2022"]
[Source "ChessBase"]
[SourceDate "2021.10.06"]
[SourceVersion "1"]
[SourceVersionDate "2021.10.06"]
[SourceQuality "1"]

1. d4 Nf6 2. c4 g6 3. Nc3 d5 4. Nf3 Bg7 5. Qb3 dxc4 6. Qxc4 O-O 7. e4 Bg4 8. Be3 Nfd7 9. h3 Bxf3 10. gxf3 Nc6 11. O-O-O Nb6 12. Qc5 e6 13. Bb5 Nb8 14. h4 a6 15. Be2 N8d7 16. Qg5 h5 17. Qg3 Qe7 18. Rhg1 Qb4 19. f4 Nc4 20. Bxc4 Qxc4 21. f5 exf5 22. exf5 c5 23. Qd6 Rfd8 24. fxg6 Nf8 25. gxf7+ Qxf7 26. Qg3 b5 27. d5 b4 28. Bh6 Ra7 29. Bxg7 Kh7 30. Bxf8 Rxf8 31. Ne4 Qf5 32. Qd3 Kh8 33. Kb1 b3 34. Rg5 bxa2+ 35. Ka1 Qh7 36. Qc3+ Rg7 37. Rdg1 1-0

[Event "CAN-ch U20 1981"]
[Site "Vancouver CAN"]
[Date "1981.12.23"]
[Round "3"]
[White "Didiodato, Robert"]
[Black "Bolduc, Steve"]
[Result "1-0"]
[WhiteElo "1954"]
[BlackElo "2056"]
[PlyCount "97"]
[GameId "2160767912848975"]
[EventDate "1981.12.21"]
[EventType "tourn"]
[EventRounds "11"]
[EventCountry "CAN"]
[SourceTitle "hb 2011"]

1. e4 c6 2. d4 d5 3. Nc3 dxe4 4. Nxe4 Nf6 5. Nxf6+ exf6 6. Bc4 Qe7+ 7. Qe2 Be6 8. Bxe6 Qxe6 9. Bd2 Na6 10. O-O-O O-O-O 11. Qxe6+ fxe6 12. Nf3 Bd6 13. Rhe1 Rhe8 14. c4 Nb4 15. Bxb4 Bxb4 16. Re2 Rd7 17. a3 Ba5 18. b4 Bb6 19. Kc2 Kd8 20. c5 Bc7 21. Rde1 Rde7 22. g3 e5 23. dxe5 fxe5 24. Ng5 h6 25. Ne4 Rf8 26. Rd2+ Ke8 27. Re3 Rf5 28. Red3 Ref7 29. Kc3 Rf3 30. Rxf3 Rxf3+ 31. Rd3 Rxd3+ 32. Kxd3 Kd7 33. Nd2 Ke6 34. Ke4 b5 35. Nf3 g5 36. h3 a6 37. Nh2 h5 38. Nf3 Kf6 39. Ne1 g4 40. hxg4 hxg4 41. Ng2 Kg6 42. Ne3 Kg5 43. Nf5 Bd8 44. Kxe5 Bf6+ 45. Ke6 Bb2 46. Ne7 Bd4 47. Nxc6 Bxf2 48. Ne5 Bxg3 49. c6 1-0

[Event "CAN-ch U20 1981"]
[Site "Vancouver CAN"]
[Date "1981.12.23"]
[Round "4"]
[White "Bolduc, Steve"]
[Black "Liitoja, Ingvar"]
[Result "0-1"]
[WhiteElo "2067"]
[BlackElo "2088"]
[PlyCount "94"]
[GameId "2160767912848976"]
[EventDate "1981.12.21"]
[EventType "tourn"]
[EventRounds "11"]
[EventCountry "CAN"]
[SourceTitle "EXT 2022"]
[Source "ChessBase"]
[SourceDate "2021.10.06"]
[SourceVersion "1"]
[SourceVersionDate "2021.10.06"]
[SourceQuality "1"]

1. d4 d5 2. c4 e6 3. Nf3 c5 4. e3 Nf6 5. a3 cxd4 6. exd4 Nbd7 7. Nc3 dxc4 8. Bxc4 Nb6 9. Ba2 Be7 10. O-O O-O 11. Qe2 Nbd5 12. Bd2 b6 13. Rac1 Bb7 14. Rfd1 Rc8 15. Ne5 Qd6 16. Bb1 Nxc3 17. Bxc3 Qd5 18. f3 Rc7 19. Qf2 Rfc8 20. Re1 Ba6 21. Re4 Bxa3 22. Rf4 Qb3 23. Qh4 Rxc3 24. Bxh7+ Nxh7 25. Rxc3 Qd1+ 26. Kf2 Qd2+ 27. Kg3 Qe1+ 28. Kh3 Qxh4+ 29. Rxh4 Rxc3 30. bxc3 f6 31. Nc6 Bd3 32. Nxa7 g5 33. Re4 Bxe4 34. fxe4 f5 35. exf5 exf5 36. c4 Kf7 37. Nc8 Bb2 38. Nxb6 Bxd4 39. Nd5 Nf6 40. Nb4 f4 41. Nd3 Kg6 42. g4 Kf7 43. Ne1 Nd7 44. Nf3 Bf6 45. Kg2 Ne5 46. c5 Nxf3 47. Kxf3 Be5 0-1

[Event "CAN-ch U20 1981"]
[Site "Vancouver CAN"]
[Date "1981.12.24"]
[Round "5"]
[White "Johnson, Tyler"]
[Black "Bolduc, Steve"]
[Result "0-1"]
[WhiteElo "2046"]
[BlackElo "2056"]
[PlyCount "94"]
[GameId "2160767912848977"]
[EventDate "1981.12.21"]
[EventType "tourn"]
[EventRounds "11"]
[EventCountry "CAN"]
[SourceTitle "hb 2011"]

1. d4 d5 2. c4 dxc4 3. Nf3 Nf6 4. e3 e6 5. Bxc4 c5 6. O-O a6 7. a4 Nc6 8. Nc3 Be7 9. b3 cxd4 10. Nxd4 Nxd4 11. exd4 O-O 12. Bb2 b6 13. d5 e5 14. Re1 Bd6 15. Qd3 Nh5 16. Ne4 Nf4 17. Qd2 Bb8 18. d6 Ng6 19. Qd5 Ra7 20. Bxe5 Bb7 21. Qd4 Nxe5 22. Qxe5 Bxe4 23. Qxe4 Bxd6 24. Red1 Rd7 25. Rd3 Re8 26. Qc6 Qf6 27. Bxf7+ Kf8 28. Rc1 Re1+ 29. Rxe1 Bxh2+ 30. Kxh2 Qxc6 31. Rxd7 Qxd7 32. Bc4 b5 33. axb5 axb5 34. Be6 Qd4 35. Re3 g6 36. g3 Kg7 37. Kg2 h5 38. Kh3 g5 39. g4 Qf4 40. gxh5 Qxf2 41. Rg3 Qf1+ 42. Kg4 Qf4+ 43. Kh3 Qh4+ 44. Kg2 Qe4+ 45. Kf2 Qxe6 46. Rxg5+ Kh7 47. Rxb5 Qd7 0-1

[Event "CAN-ch U20 1981"]
[Site "Vancouver CAN"]
[Date "1981.12.26"]
[Round "6"]
[White "Bolduc, Steve"]
[Black "Gardner, Robert"]
[Result "1-0"]
[WhiteElo "2056"]
[BlackElo "1881"]
[PlyCount "91"]
[GameId "2160767912848979"]
[EventDate "1981.12.21"]
[EventType "tourn"]
[EventRounds "11"]
[EventCountry "CAN"]
[SourceTitle "hb 2011"]

1. d4 d5 2. c4 e6 3. Nc3 Nf6 4. Bg5 Be7 5. Nf3 Nbd7 6. e3 O-O 7. Rc1 c6 8. Bd3 dxc4 9. Bxc4 Nd5 10. Bxe7 Qxe7 11. O-O Nxc3 12. Rxc3 e5 13. dxe5 Nxe5 14. Nxe5 Qxe5 15. f4 Qf6 16. Qh5 Bf5 17. e4 Bxe4 18. f5 g6 19. fxg6 Bxg6 20. Qc5 Qd8 21. Kh1 Qb6 22. Qg5 Qxb2 23. Rcf3 Qg7 24. Qe7 Rab8 25. Bb3 Kh8 26. Re3 f6 27. Qc5 a6 28. Re7 Bf7 29. Qd6 Rg8 30. Rg1 Rbe8 31. Bxf7 Rxe7 32. Qxe7 Rf8 33. Qxb7 Qxf7 34. Qxa6 c5 35. a4 c4 36. Qc6 Re8 37. h3 Qe6 38. Qf3 Re7 39. Rc1 Ra7 40. Qa3 Qf7 41. Qb4 Rc7 42. Rc3 Kg7 43. Rg3+ Kh6 44. Qd2+ Kh5 45. Qe2+ Kh6 46. Qe3+ 1-0

[Event "CAN-ch U20 1981"]
[Site "Vancouver CAN"]
[Date "1981.12.27"]
[Round "7"]
[White "Woodley, James"]
[Black "Bolduc, Steve"]
[Result "1/2-1/2"]
[WhiteElo "1906"]
[BlackElo "2056"]
[PlyCount "103"]
[GameId "2160767912848981"]
[EventDate "1981.12.21"]
[EventType "tourn"]
[EventRounds "11"]
[EventCountry "CAN"]
[SourceTitle "hb 2011"]

1. e4 c6 2. d4 d5 3. Nc3 dxe4 4. Nxe4 Nd7 5. Nf3 Ngf6 6. Nxf6+ Nxf6 7. Bc4 Qc7 8. Ne5 e6 9. Bf4 Bd6 10. Bg3 O-O 11. Bd3 c5 12. Ng4 Nxg4 13. Qxg4 f5 14. Qh4 cxd4 15. Qxd4 Rd8 16. Bxd6 Rxd6 17. Qe3 e5 18. O-O e4 19. f3 Rh6 20. g3 f4 21. gxf4 Bh3 22. fxe4 Rg6+ 23. Kf2 Bxf1 24. Rxf1 Rf8 25. Ke1 Rg2 26. Kd1 Qa5 27. Bc4+ Kh8 28. Kc1 Qh5 29. Bd3 Qxh2 30. Qxa7 Rc8 31. Qa4 Rf2 32. Re1 Qxf4+ 33. Kb1 Qe5 34. Qa7 Rcf8 35. b3 h5 36. Rh1 Rh2 37. Rxh2 Qxh2 38. e5 Qxe5 39. Qxb7 h4 40. Qg2 Qh5 41. a4 h3 42. Qh2 Qg4 43. Ka2 Rf4 44. a5 g5 45. a6 Qg2 46. a7 Qxh2 47. a8=Q+ Kg7 48. Qd8 Qf2 49. Qxg5+ Kf7 50. Qh5+ Kf6 51. Qxh3 Qh4 52. Qxh4+ 1/2-1/2

[Event "CAN-ch U20 1981"]
[Site "Vancouver CAN"]
[Date "1981.12.28"]
[Round "8"]
[White "Bolduc, Steve"]
[Black "Lee, Marvin"]
[Result "0-1"]
[WhiteElo "2056"]
[BlackElo "1888"]
[PlyCount "56"]
[GameId "2160767912848982"]
[EventDate "1981.12.21"]
[EventType "tourn"]
[EventRounds "11"]
[EventCountry "CAN"]
[SourceTitle "hb 2011"]

1. c4 e5 2. Nc3 Nc6 3. g3 Nf6 4. Bg2 Bc5 5. a3 a5 6. d3 d6 7. Bg5 Bxf2+ 8. Kf1 Bb6 9. Ne4 h6 10. Nxf6+ gxf6 11. Bh4 Be3 12. b4 Nd4 13. Nf3 Nf5 14. g4 Nxh4 15. Nxh4 c6 16. Nf5 Bxf5 17. gxf5 Qb6 18. h4 Qd4 19. Rh3 Rg8 20. b5 Ke7 21. Qe1 Qf4+ 22. Rf3 Qh2 23. Qf2 Bxf2 24. Rxf2 Qxh4 25. Rb1 c5 26. Bxb7 Qh3+ 27. Bg2 Rxg2 28. Rxg2 Rg8 0-1

[Event "CAN-ch U20 1981"]
[Site "Vancouver CAN"]
[Date "1981.12.30"]
[Round "10"]
[White "Graham, Robert"]
[Black "Bolduc, Steve"]
[Result "1/2-1/2"]
[WhiteElo "2040"]
[BlackElo "2056"]
[PlyCount "84"]
[GameId "2160767912848984"]
[EventDate "1981.12.21"]
[EventType "tourn"]
[EventRounds "11"]
[EventCountry "CAN"]
[SourceTitle "hb 2011"]

1. e4 c6 2. Nc3 d5 3. Nf3 Bg4 4. Be2 Nf6 5. exd5 cxd5 6. d4 e6 7. Bg5 Nbd7 8. O-O Be7 9. h3 Bxf3 10. Bxf3 a6 11. Qd3 Rc8 12. Nd1 b5 13. Ne3 Nb6 14. Ng4 Nxg4 15. Bxe7 Qxe7 16. Bxg4 O-O 17. f4 f5 18. Bf3 Nc4 19. c3 Nd6 20. Rae1 Ne4 21. Bxe4 dxe4 22. Qd2 Qd6 23. Rc1 Rc7 24. b3 Rfc8 25. Rc2 Qd5 26. Rfc1 a5 27. Rb1 Rd8 28. Rd1 a4 29. bxa4 bxa4 30. Qc1 Qc4 31. Qa3 h6 32. Rdc1 Rb8 33. Rb2 Rxb2 34. Qxb2 Kh7 35. Kf2 a3 36. Qe2 Qd5 37. Ke3 Rc4 38. Qc2 g5 39. g3 gxf4+ 40. gxf4 Qd8 41. Qb3 Qh4 42. Qb7+ Kh8 1/2-1/2

[Event "CAN-ch U20 1981"]
[Site "Vancouver CAN"]
[Date "1981.12.31"]
[Round "11"]
[White "Bolduc, Steve"]
[Black "Ross, Paul"]
[Result "1/2-1/2"]
[WhiteElo "2056"]
[BlackElo "2001"]
[PlyCount "43"]
[GameId "2160767912848985"]
[EventDate "1981.12.21"]
[EventType "tourn"]
[EventRounds "11"]
[EventCountry "CAN"]
[SourceTitle "hb 2011"]

1. d4 e6 2. c4 Nf6 3. Nc3 Bb4 4. e3 b6 5. Nge2 d5 6. a3 Be7 7. Nf4 c6 8. b3 Nbd7 9. Bb2 Bb7 10. cxd5 exd5 11. Bd3 O-O 12. O-O c5 13. dxc5 Nxc5 14. Bc2 Ne6 15. Nce2 Qd6 16. Rc1 Rac8 17. f3 Rfd8 18. Qd2 Ne8 19. Nd3 Bf6 20. Nd4 Qd7 21. Nf2 g6 22. Rfd1 1/2-1/2

[Event "Automne/Fall op"]
[Site "Montreal CAN"]
[Date "1981.11.07"]
[Round "1"]
[White "Bolduc, Steve"]
[Black "Michaud, Gerald"]
[Result "1-0"]
[WhiteElo "2024"]
[BlackElo "1782"]
[PlyCount "100"]
[GameId "2160767912849036"]
[EventDate "1981.11.07"]
[EventType "swiss"]
[EventRounds "4"]
[EventCountry "CAN"]
[SourceTitle "hb 2011"]

1. d4 Nf6 2. Nf3 e6 3. g3 d5 4. Bg2 Nbd7 5. O-O Bd6 6. b3 O-O 7. Bb2 c6 8. c4 Re8 9. Ne5 Qc7 10. f4 Ne4 11. Nd2 Nxd2 12. Qxd2 f6 13. Nxd7 Bxd7 14. e4 dxe4 15. Bxe4 Rad8 16. Qc2 h6 17. Bg6 Rf8 18. c5 Be7 19. f5 exf5 20. Rae1 Be8 21. Bxf5 Bf7 22. Qc3 Rfe8 23. Bc1 Rd5 24. Bb1 Qd8 25. Qc2 Kf8 26. Qh7 Rxd4 27. Bxh6 Rg4 28. Be3 Qd5 29. Qf5 Rg5 30. Qxd5 Rxd5 31. b4 Bd8 32. Bf4 Rd4 33. h4 Rxb4 34. Bd6+ Kg8 35. Bf5 Rb2 36. Rxe8+ Bxe8 37. Rf2 Rb1+ 38. Rf1 Rxf1+ 39. Kxf1 b5 40. Ke2 Kf7 41. Ke3 g6 42. Bc2 Be7 43. g4 g5 44. h5 Bf8 45. Ke4 Be7 46. Kf5 Bd8 47. h6 Kg8 48. Ke6 a5 49. a3 b4 50. axb4 axb4 1-0

[Event "Automne/Fall op"]
[Site "Montreal CAN"]
[Date "1981.11.07"]
[Round "2"]
[White "Proulx, Denis"]
[Black "Bolduc, Steve"]
[Result "0-1"]
[WhiteElo "1848"]
[BlackElo "2024"]
[PlyCount "85"]
[GameId "2160767912849038"]
[EventDate "1981.11.07"]
[EventType "swiss"]
[EventRounds "4"]
[EventCountry "CAN"]
[SourceTitle "hb 2011"]

1. e4 c6 2. d4 d5 3. Nc3 dxe4 4. Nxe4 Nf6 5. Nc3 Bf5 6. Bf4 e6 7. Bc4 Be7 8. Nge2 O-O 9. O-O a6 10. Bd3 Bxd3 11. Qxd3 c5 12. Ne4 Nbd7 13. Rfd1 Qb6 14. Nxf6+ Nxf6 15. a4 Rfd8 16. a5 Qc6 17. Qf3 Qxf3 18. gxf3 cxd4 19. Nxd4 Nd5 20. Be3 Rac8 21. c3 g6 22. Bh6 e5 23. Nc2 f5 24. Re1 Bf6 25. h4 Rd7 26. Bg5 Kf7 27. Ra4 Rcd8 28. Bxf6 Kxf6 29. Ne3 Nf4 30. Rb4 b5 31. Rb1 Rd2 32. c4 Nh3+ 33. Kg2 Rxf2+ 34. Kxh3 Rdd2 35. Nf1 Rxf3+ 36. Ng3 f4 37. Rg1 fxg3 38. Rxg3 Rxg3+ 39. Kxg3 bxc4 40. Rb6+ Kf5 41. Rxa6 Rxb2 42. Rc6 Ra2 43. a6 0-1